Sýria v arabskej a medzinárodnej politike po rozpade ZAR, 1961-1963

Úskalia sýrsko-egyptského zjednotenia. Rozpad spoločného štátu. Situácia v Sýrii po odtrhnutí sa od ZAR. Vývoj v Sýrii po odtrhnutí sa od ZAR. Príčiny nestability sýrskeho režimu. Príčiny kolapsu „demokratického“ experimentu v Sýrii.

Salvato in:
Dettagli Bibliografici
Autore principale: Sorby, Karol R.
Natura: Capitolo di libro
Lingua:slovacco
Soggetti:
Tags: Aggiungi Tag
Nessun Tag, puoi essere il primo ad aggiungerne!!

MARC

LEADER 00000naa a2200000 4500
001 0149610
005 20240502072705.0
041 0 |a slo 
044 |a SK 
245 1 0 |a Sýria v arabskej a medzinárodnej politike po rozpade ZAR, 1961-1963  |c Karol R. Sorby 
520 |a Úskalia sýrsko-egyptského zjednotenia. Rozpad spoločného štátu. Situácia v Sýrii po odtrhnutí sa od ZAR. Vývoj v Sýrii po odtrhnutí sa od ZAR. Príčiny nestability sýrskeho režimu. Príčiny kolapsu „demokratického“ experimentu v Sýrii. 
610 2 0 |a politika medzinárodná 
610 2 0 |a Sýria 
610 2 0 |a situácia politická 
610 2 0 |a situácia hospodárska 
610 2 0 |a konflikty etnické 
610 2 0 |a konflikty náboženské 
610 2 0 |a konflikty medzinárodné 
100 1 |a Sorby, Karol R.